LIBRARY ONLINE CATALOGUE

Strategies for Creative Problem Solving (Record no. 18430)

MARC details
000 -LEADER
fixed length control field 00547nam a22001937a 4500
008 - FIXED-LENGTH DATA ELEMENTS--GENERAL INFORMATION
fixed length control field 200807b xxu||||| |||| 00| 0 eng d
020 ## - INTERNATIONAL STANDARD BOOK NUMBER
International Standard Book Number 013309166x
050 ## - LIBRARY OF CONGRESS CALL NUMBER
Classification number BF449
Item number .F64 2014 c.1
100 ## - MAIN ENTRY--PERSONAL NAME
Personal name Fogler, H. Scott
245 ## - TITLE STATEMENT
Title Strategies for Creative Problem Solving
Statement of responsibility, etc. H. Scott Fogler
250 ## - EDITION STATEMENT
Edition statement 3rd ed.
260 ## - PUBLICATION, DISTRIBUTION, ETC. (IMPRINT)
Place of publication, distribution, etc. Upper Saddle River
Name of publisher, distributor, etc. Prentice Hall
Date of publication, distribution, etc. 2014
300 ## - PHYSICAL DESCRIPTION
Extent xxvi, 343p.
650 ## - SUBJECT ADDED ENTRY--TOPICAL TERM
Topical term or geographic name as entry element Problem solving
650 ## - SUBJECT ADDED ENTRY--TOPICAL TERM
Topical term or geographic name as entry element Creative thinking
700 ## - ADDED ENTRY--PERSONAL NAME
Personal name Steven E. Leblanc
700 ## - ADDED ENTRY--PERSONAL NAME
Personal name Benjamin Rizzo
942 ## - ADDED ENTRY ELEMENTS (KOHA)
Source of classification or shelving scheme Library of Congress Classification
Koha item type General Collection
Holdings
Withdrawn status Lost status Source of classification or shelving scheme Not for loan Home library Current library Date acquired Cost, normal purchase price Total Checkouts Full call number Barcode Date last seen Price effective from Koha item type Total Renewals Date last checked out
    Library of Congress Classification   Kabarak, Main Campus Kabarak, Main Campus 07/08/2020 4855.00   BF449 .F64 2014 c.1 028989 02/08/2024 07/08/2020 General Collection    
    Library of Congress Classification   Kabarak, Main Campus Kabarak, Main Campus 07/08/2020 4855.00 1 BF449 .F64 2014 c.2 028990 28/11/2024 07/08/2020 General Collection 1 31/10/2024
    Library of Congress Classification   Kabarak, Nakuru City Campus Kabarak, Nakuru City Campus 07/08/2020 4855.00   BF449 .F64 2014 c.1 028991 07/08/2020 07/08/2020 General Collection